| 000 | 01449cam a2200373 a 4500 | ||
|---|---|---|---|
| 999 |
_c5365 _d5365 |
||
| 001 | 1934325 | ||
| 003 | GZU | ||
| 005 | 20210331153248.0 | ||
| 008 | 861009s1987 nyu b 001 0 eng c | ||
| 010 | _a 86026989 | ||
| 020 | _a0898624002 | ||
| 040 |
_aDNLM/DLC _cDLC _dDLC |
||
| 050 | 0 | 0 |
_aRJ496.L35 _bCAN 1987 |
| 100 | 1 |
_aCantwell, Dennis P., _d1939- _eauthor |
|
| 245 | 1 | 0 |
_aDevelopmental speech and language disorders / _cDennis P. Cantwell, Lorian Baker ; foreword by George Tarjan. |
| 260 |
_aNew York : _bGuilford Press, _cc1987. |
||
| 300 |
_ax, 214 p. ; _c23 cm. |
||
| 440 | 4 | _aThe Guilford child psychopathology series | |
| 500 | _aSpine title: Developmental speech & language disorders. | ||
| 500 | _aIncludes index. | ||
| 504 | _aBibliography: p. 181-202. | ||
| 650 | 0 | _aLanguage disorders in children. | |
| 650 | 0 | _aSpeech disorders in children. | |
| 650 | 0 | _aLearning disabilities. | |
| 650 | 0 | _aChild psychopathology. | |
| 650 | 2 | _aLanguage Development Disorders. | |
| 650 | 2 |
_aSpeech Disorders _xin infancy & childhood. |
|
| 700 | 1 | _aBaker, Lorian. | |
| 740 | 0 | _aDevelopmental speech & language disorders. | |
| 856 | 4 | 2 |
_3Contributor biographical information _uhttp://www.loc.gov/catdir/bios/guilford051/86026989.html |
| 856 | 4 | 2 |
_3Publisher description _uhttp://www.loc.gov/catdir/description/guilford051/86026989.html |
| 906 |
_a7 _bcbc _corignew _d1 _eocip _f19 _gy-gencatlg |
||
| 942 |
_2lcc _cBK _h496.L35 _iCAN _kRJ |
||